|
|
|
|
| LEADER |
00000nam0a2200000 4500 |
| 001 |
331893 |
| 005 |
20231102004412.0 |
| 035 |
|
|
|a (RuTPU)RU\TPU\book\357762
|
| 090 |
|
|
|a 331893
|
| 100 |
|
|
|a 20170510d1969 km y0rusy50 ca
|
| 101 |
0 |
|
|a rus
|
| 102 |
|
|
|a RU
|
| 105 |
|
|
|a a z 001zy
|
| 200 |
1 |
|
|a Математическое моделирование систем автоматического управления на судах
|f И. Р. Фрейдзон
|
| 205 |
|
|
|a 2-е изд., перераб. и доп.
|
| 210 |
|
|
|a Ленинград
|c Судостроение
|d 1969
|
| 215 |
|
|
|a 494 с.
|c ил.
|
| 320 |
|
|
|a Библиогр.: с. 485-490
|
| 606 |
|
|
|a Автоматическое управление
|x Математическое моделирование
|2 stltpush
|3 (RuTPU)RU\TPU\subj\947
|9 29752
|
| 606 |
|
|
|a Автоматизированные системы судовые
|2 stltpush
|3 (RuTPU)RU\TPU\subj\613
|9 29487
|
| 610 |
1 |
|
|a аналоговые вычислительные машины
|
| 610 |
1 |
|
|a характеристики
|
| 610 |
1 |
|
|a чувствительность
|
| 610 |
1 |
|
|a электроприводы
|
| 610 |
1 |
|
|a гидроприводы
|
| 610 |
1 |
|
|a суда
|
| 610 |
1 |
|
|a неисправности
|
| 610 |
1 |
|
|a надежность
|
| 675 |
|
|
|a 681.51.015.26
|v 4
|
| 675 |
|
|
|a 629.12-52
|v 4
|
| 700 |
|
1 |
|a Фрейдзон
|b И. Р.
|g Исаак Рубинович
|
| 801 |
|
1 |
|a RU
|b 63413507
|c 20170510
|
| 801 |
|
2 |
|a RU
|b 63413507
|c 20171206
|g RCR
|
| 942 |
|
|
|c BK
|